Southville International School and Colleges
Your cart is empty.
  • Cart
  • Lists
    Public lists Eva Luna New books Lux_list list_1
    Your lists Log in to create your own lists
  • Log in to your account
  • Your cookies
  • Search history
Southville International School and Colleges
  • Advanced search
  • Recent comments
  • Most popular
  • Libraries

Log in to your account

Log in with GOOGLE


If you do not have an external account, but do have a local account, you can still log in:

  1. Home
  2. MARC view: Great mysteries:
Normal view MARC view ISBD view

Great mysteries: (Record no. 1932)

[ view plain ]
MARC details
000 -LEADER
fixed length control field 00561nam a22002057a 4500
003 - CONTROL NUMBER IDENTIFIER
control field OSt
005 - DATE AND TIME OF LATEST TRANSACTION
control field 20231107145500.0
008 - FIXED-LENGTH DATA ELEMENTS--GENERAL INFORMATION
fixed length control field 130305t xxu||||| |||| 00| 0 eng d
020 ## - INTERNATIONAL STANDARD BOOK NUMBER
International Standard Book Number 9781741106930
050 ## - LIBRARY OF CONGRESS CALL NUMBER
Classification number TR IB AG 243
Item number .B811 2010
082 ## - DEWEY DECIMAL CLASSIFICATION NUMBER
Classification number IB 031.02
Item number B68 2010
100 ## - MAIN ENTRY--PERSONAL NAME
Personal name Bradley, Pamela.
245 ## - TITLE STATEMENT
Title Great mysteries:
Statement of responsibility, etc Bradley Pamela.
Remainder of title riddles of the natural and human world /
260 ## - PUBLICATION, DISTRIBUTION, ETC. (IMPRINT)
Place of publication, distribution, etc Chatswood:
Name of publisher, distributor, etc New Holland,
Date of publication, distribution, etc c2010.
300 ## - PHYSICAL DESCRIPTION
Extent 288 p.:
Other physical details ill. ;
Dimensions 25 cm.
942 ## - ADDED ENTRY ELEMENTS (KOHA)
Source of classification or shelving scheme Library of Congress Classification
Koha item type Books
Holdings
Withdrawn status Lost status Source of classification or shelving scheme Damaged status Home library Current library Shelving location Date acquired Total Checkouts Full call number Barcode Date last seen Copy number Price effective from Koha item type Source of acquisition
    Library of Congress Classification   Luxembourg Library Luxembourg Library International Baccalaureate Section 03/05/2013   AG 243 .B811 2010 IB0067 04/11/2016 1 03/05/2013 Books  
    Library of Congress Classification   Luxembourg Library Luxembourg Library Teachers Reference Section 06/18/2013   TR IB AG 243 .B811 2010 IB0068 08/13/2013 1 06/18/2013 Books Donation
    Library of Congress Classification   Luxembourg Library Luxembourg Library International Baccalaureate Section 06/18/2013   AG 243 .B811 2010 IB0069 08/13/2013 1 06/18/2013 Books  

Great mysteries:

APA

Bradley P., . (2010). Great mysteries. Chatswood: New Holland.

Chicago

Bradley Pamela, . 2010. Great mysteries. Chatswood: New Holland.

Harvard

Bradley P., . (2010). Great mysteries. Chatswood: New Holland.

MLA

Bradley Pamela, . Great mysteries. Chatswood: New Holland. 2010.

  • Place hold
  • Print
  • Cite
  • Add to your cart (remove)
  • Save record
    BIBTEX Dublin Core MARCXML MARC (non-Unicode/MARC-8) MARC (Unicode/UTF-8) MARC (Unicode/UTF-8, Standard) MODS (XML) RIS
  • More searches
    Search for this title in:
    Other Libraries (WorldCat) Other Databases (Google Scholar) Online Stores (Bookfinder.com) Open Library (openlibrary.org)

Exporting to Dublin Core...

SOUTHVILLE LIBRARY

Southville International School and Colleges Library

1281 Tropical Ave. Cor. Luxembourg St., BF Homes International, Las Pinas City

Tel. No. 8256374 / 252358 Loc. 117/146

Powered by Koha